000 00778 a2200253 4500
999 _c9785
_d9785
020 _a9781513672052
050 _aDS509.5 BVU 2020
100 _aBvute, Ashton
_eauthor
245 _aRacism or ignorance? :
_bthe case of Black Africans in China /
_cAshton Bvute
264 _aNew York :
_bDolphin Publishing,
_c2020
300 _aviii, 125p. :
_bill.
500 _aIncludes bibliographical references
650 _aEast Asia
_xRace relations
650 _aRacism
_xEast Asia
650 _aSociology of racism
650 _aHistory of China
650 _aEthnicity studies
650 _aRacism in the social sciences
650 _aEthnicity
650 _aChina
_xHistory
650 _aRacism
_xChina
650 _aRace relations
_xChina
942 _2lcc
_cBK
_h509.5
_iBVU
_kDS